<?xml version="1.0" encoding="UTF-8"?>
<record
    xmlns:xsi="http://www.w3.org/2001/XMLSchema-instance"
    xsi:schemaLocation="http://www.loc.gov/MARC21/slim http://www.loc.gov/standards/marcxml/schema/MARC21slim.xsd"
    xmlns="http://www.loc.gov/MARC21/slim">

  <leader>01073nam a2200217 i 4500</leader>
  <controlfield tag="001">120524</controlfield>
  <controlfield tag="003">ES-MaACL</controlfield>
  <controlfield tag="005">20231220202823.0</controlfield>
  <controlfield tag="007">t|</controlfield>
  <controlfield tag="008">070214s1910    sp abf  r    ||||1| spa d</controlfield>
  <datafield tag="080" ind1=" " ind2=" ">
    <subfield code="a">351.77(671.8)</subfield>
  </datafield>
  <datafield tag="110" ind1="1" ind2=" ">
    <subfield code="a">Espa&#xF1;a. </subfield>
    <subfield code="b">Ministerio de Estado. </subfield>
    <subfield code="b">Secci&#xF3;n Colonial.</subfield>
    <subfield code="9">3867</subfield>
  </datafield>
  <datafield tag="245" ind1="1" ind2="0">
    <subfield code="a">Informe de la Comisi&#xF3;n del Instituto Nacional de Higiene de Alfonso XIII, enviada a las posesiones espa&#xF1;olas del Golfo de Guinea, para el estudio de la enfermedad del sue&#xF1;o y de las condiciones sanitarias de la colonia /</subfield>
    <subfield code="c">publicada por Real Orden de 21 de abril de 1910 bajo la direcci&#xF3;n del dr. Gustavo Pittaluga... ; pr&#xF3;logo de ... Santiago Ram&#xF3;n y Cajal.</subfield>
  </datafield>
  <datafield tag="260" ind1=" " ind2=" ">
    <subfield code="a">Madrid : </subfield>
    <subfield code="b">[s.n.], </subfield>
    <subfield code="c">1910 (</subfield>
    <subfield code="f">Imp. Art&#xED;stica de J. Blass y C&#xED;a.)</subfield>
  </datafield>
  <datafield tag="300" ind1=" " ind2=" ">
    <subfield code="a">442 p. , l&#xE1;m. col. y n. : </subfield>
    <subfield code="b">il., mapas ; </subfield>
    <subfield code="c">28 x 20 cm.</subfield>
  </datafield>
  <datafield tag="650" ind1=" " ind2="4">
    <subfield code="a">Salud p&#xFA;blica-</subfield>
    <subfield code="z">Guinea Ecuatorial.</subfield>
    <subfield code="9">148608</subfield>
  </datafield>
  <datafield tag="700" ind1="1" ind2=" ">
    <subfield code="a">Pittaluga, Gustavo,</subfield>
    <subfield code="d">1876-1956</subfield>
    <subfield code="9">155591</subfield>
  </datafield>
  <datafield tag="700" ind1="1" ind2=" ">
    <subfield code="a">Ram&#xF3;n y Cajal, Santiago,</subfield>
    <subfield code="d">1852-1934</subfield>
    <subfield code="9">226468</subfield>
  </datafield>
  <datafield tag="852" ind1=" " ind2=" ">
    <subfield code="a">ES-MaACL</subfield>
    <subfield code="j">F-126</subfield>
  </datafield>
  <datafield tag="999" ind1=" " ind2=" ">
    <subfield code="c">120524</subfield>
    <subfield code="d">120524</subfield>
  </datafield>
  <datafield tag="952" ind1=" " ind2=" ">
    <subfield code="0">0</subfield>
    <subfield code="1">0</subfield>
    <subfield code="4">0</subfield>
    <subfield code="7">0</subfield>
    <subfield code="a">ATENEOM</subfield>
    <subfield code="b">ATENEOM</subfield>
    <subfield code="c">DEPO2</subfield>
    <subfield code="d">2008-01-17</subfield>
    <subfield code="e">SC</subfield>
    <subfield code="l">0</subfield>
    <subfield code="o">F-126</subfield>
    <subfield code="p">1125627</subfield>
    <subfield code="r">2023-02-23 00:00:00</subfield>
    <subfield code="w">2023-02-23</subfield>
    <subfield code="y">MONOGRAFIA</subfield>
  </datafield>
</record>
